[Event "4NCL/Div1/SLOS1 vs. GUI1"]
[Site "Birmingham ENG"]
[Date "2005.11.20"]
[Round "4.1"]
[White "Navara, David"]
[Black "Fressinet, Laurent"]
[Result "1-0"]
[WhiteElo "2646"]
[BlackElo "2624"]
[PlyCount "83"]
[EventDate "2005.11.20"]
[SourceDate "2005.10.25"]

1. e4 e5 2. Nf3 Nf6 3. Nxe5 d6 4. Nf3 Nxe4 5. Nc3 Nxc3 6. dxc3 Be7 7. Bf4 Nd7
8. Qd2 O-O 9. O-O-O Re8 10. Kb1 Nc5 11. Be3 Ne4 12. Qc1 Bf6 13. Bd3 Bf5 14. h4
Qd7 15. Nd4 Bxd4 16. Bxd4 c5 17. Be3 Nf6 18. Bxf5 Qxf5 19. Rxd6 Ng4 20. Qd2 b6
21. Bf4 Nf6 22. f3 Nh5 23. Bh2 Nf6 24. Qg5 Qg6 25. g4 Rad8 26. Rxd8 Rxd8 27.
Kc1 Re8 28. Rd1 h6 29. Qxg6 fxg6 30. g5 hxg5 31. hxg5 Nh7 32. Rd5 Re1+ 33. Kd2
Rf1 34. Bb8 Rf2+ 35. Kd1 a6 36. f4 Nf8 37. Rd2 Rf1+ 38. Ke2 Ra1 39. Rd8 Kf7 40.
Bd6 Ne6 41. Rd7+ Kg8 42. Re7 1-0

[Event "4NCL/Div1/SLOS1 vs. GUI1"]
[Site "Birmingham ENG"]
[Date "2005.11.20"]
[Round "4.2"]
[White "Rowson, Jonathan"]
[Black "Pert, Nicholas"]
[Result "1-0"]
[WhiteElo "2599"]
[BlackElo "2500"]
[PlyCount "81"]
[EventDate "2005.11.20"]
[SourceDate "2005.10.25"]

1. d4 d5 2. c4 c6 3. Nf3 Nf6 4. Nc3 dxc4 5. a4 Bf5 6. Ne5 Nbd7 7. Nxc4 Qc7 8.
Bg5 Ne4 9. Nxe4 Bxe4 10. f3 Bg6 11. Bh4 e5 12. Bg3 f6 13. e3 a5 14. Rc1 Bb4+
15. Kf2 O-O 16. Bd3 Bxd3 17. Qxd3 Kh8 18. Rhd1 Rad8 19. Qe4 Rde8 20. Qf5 Re7
21. dxe5 fxe5 22. Bxe5 Qxe5 23. Nxe5 Rxf5 24. Nxd7 h6 25. Ke2 Re6 26. g4 Rf7
27. Nc5 Ref6 28. f4 Re7 29. Kf3 g6 30. e4 Kg7 31. f5 Rf8 32. Rd6 gxf5 33. gxf5
Kh7 34. Rdd1 Rff7 35. Kf4 Rg7 36. f6 Ref7 37. e5 Rg2 38. Ne4 Rxh2 39. Kf5 Re2
40. Nd6 Bxd6 41. Rxd6 1-0

[Event "4NCL/Div1/SLOS1 vs. GUI1"]
[Site "Birmingham ENG"]
[Date "2005.11.20"]
[Round "4.3"]
[White "Erdos, Viktor"]
[Black "Gallagher, Joseph G"]
[Result "1/2-1/2"]
[WhiteElo "2522"]
[BlackElo "2550"]
[PlyCount "45"]
[EventDate "2005.11.20"]
[SourceDate "2005.10.25"]

1. d4 Nf6 2. c4 g6 3. Nc3 Bg7 4. e4 d6 5. Nf3 O-O 6. Be2 e5 7. O-O Na6 8. Re1
c6 9. Bf1 exd4 10. Nxd4 Ng4 11. h3 Qb6 12. hxg4 Qxd4 13. g5 Qxd1 14. Rxd1 Be5
15. Be3 Nc5 16. f3 f6 17. gxf6 Rxf6 18. Rd2 b6 19. Ne2 Ne6 20. Nd4 Bd7 21. a4
Rb8 {(=)} 22. a5 Rf7 23. axb6 1/2-1/2

[Event "4NCL/Div1/SLOS1 vs. GUI1"]
[Site "Birmingham ENG"]
[Date "2005.11.20"]
[Round "4.4"]
[White "Hebden, Mark L"]
[Black "Schenk, Andreas"]
[Result "1/2-1/2"]
[WhiteElo "2514"]
[BlackElo "2497"]
[PlyCount "70"]
[EventDate "2005.11.20"]
[SourceDate "2005.10.25"]

1. d4 Nf6 2. Nf3 d5 3. c4 e6 4. Bg5 Bb4+ 5. Nbd2 dxc4 6. a3 Bxd2+ 7. Qxd2 c6 8.
g3 Nbd7 9. Bg2 b5 10. O-O Bb7 11. b3 cxb3 12. Qb4 h6 13. Bxf6 Qxf6 14. Nd2 a5
15. Qd6 Qe7 16. Qc7 Nb8 17. Qe5 f6 18. Qh5+ Qf7 19. Qc5 Nd7 20. Bxc6 Rc8 21.
Bxd7+ Qxd7 22. Qh5+ Ke7 23. Nxb3 Qd5 24. Qxd5 Bxd5 25. Rab1 Rc3 26. Nxa5 Rb8
27. Rfc1 Rxc1+ 28. Rxc1 Ra8 29. Nc6+ Kd6 30. Nb4 Bc4 31. Rc3 Bxe2 32. f3 Bc4
33. Kf2 Ra7 34. Ke3 Ra8 35. h4 g6 1/2-1/2

[Event "4NCL/Div1/SLOS1 vs. GUI1"]
[Site "Birmingham ENG"]
[Date "2005.11.20"]
[Round "4.5"]
[White "Jones, Gawain C B"]
[Black "King, Daniel J"]
[Result "1/2-1/2"]
[WhiteElo "2444"]
[BlackElo "2526"]
[PlyCount "38"]
[EventDate "2005.11.20"]
[SourceDate "2005.10.25"]

1. e4 e6 2. d4 d5 3. Nd2 c5 4. Ngf3 Nf6 5. e5 Nfd7 6. c3 Nc6 7. Bd3 a5 8. O-O
a4 9. Re1 a3 10. c4 Nb6 11. dxc5 dxc4 12. Be4 Bxc5 13. Qe2 Nd4 14. Nxd4 Bxd4
15. Nxc4 Nxc4 16. Qxc4 O-O 17. Rb1 Bxe5 18. bxa3 Bd4 19. Be3 e5 1/2-1/2

[Event "4NCL/Div1/SLOS1 vs. GUI1"]
[Site "Birmingham ENG"]
[Date "2005.11.20"]
[Round "4.6"]
[White "Plaskett, James"]
[Black "McNab, Colin A"]
[Result "0-1"]
[WhiteElo "2485"]
[BlackElo "2456"]
[PlyCount "76"]
[EventDate "2005.11.20"]
[SourceDate "2005.10.25"]

1. e4 g6 2. Nc3 Bg7 3. d4 d6 4. f4 Nf6 5. Nf3 O-O 6. Be3 b6 7. Qd2 Bb7 8. e5
Ng4 9. O-O-O c5 10. dxc5 bxc5 11. h3 Nxe3 12. Qxe3 Nc6 13. Bc4 Na5 14. Bb3 Qb6
15. Rhe1 Rab8 16. Nd5 Bxd5 17. Rxd5 Qa6 18. Kb1 c4 19. Rxa5 Qxa5 20. Bxc4 dxe5
21. Nxe5 e6 22. Bb3 Bxe5 23. Qxe5 Qxe5 24. fxe5 Rfd8 25. Kc1 Rb4 26. c3 Rf4 27.
Re2 h5 28. a4 a5 29. Kb1 Kf8 30. Bc2 Ke7 31. Be4 Rc8 32. Kc2 Rc5 33. g3 Rf1 34.
Bg2 Rf5 35. Kd3 Rfxe5 36. Rf2 Rg5 37. Rf3 Rgd5+ 38. Ke2 Re5+ 0-1

[Event "4NCL/Div1/SLOS1 vs. GUI1"]
[Site "Birmingham ENG"]
[Date "2005.11.20"]
[Round "4.7"]
[White "Radziewicz, Iweta"]
[Black "Conquest, Stuart C"]
[Result "0-1"]
[WhiteElo "2453"]
[BlackElo "2514"]
[PlyCount "76"]
[EventDate "2005.11.20"]
[SourceDate "2005.10.25"]

1. d4 Nf6 2. c4 e6 3. Nc3 Bb4 4. Qc2 O-O 5. a3 Bxc3+ 6. Qxc3 Ne4 7. Qc2 f5 8.
Nh3 d6 9. f3 Nf6 10. e3 e5 11. dxe5 dxe5 12. c5 Kh8 13. Bc4 Qe7 14. b4 a5 15.
Bb2 axb4 16. axb4 Rxa1+ 17. Bxa1 Nc6 18. Qb3 f4 19. Ng5 Nd5 20. Bxd5 Qxg5 21.
Kf2 Qh4+ 22. Ke2 fxe3 23. Qxe3 Nd4+ 24. Kf1 Bd7 25. c6 bxc6 26. Be4 c5 27. g3
Qf6 28. Kg2 cxb4 29. Rc1 Qd6 30. Qd3 Bb5 31. Qb1 c5 32. Re1 c4 33. Bxd4 exd4
34. Bxh7 d3 35. Be4 c3 36. Qb3 d2 37. Ra1 Bc6 38. Ra6 d1=Q 0-1

[Event "4NCL/Div1/SLOS1 vs. GUI1"]
[Site "Birmingham ENG"]
[Date "2005.11.20"]
[Round "4.8"]
[White "Ciuksyte, Dagne"]
[Black "Martyn, Rafe"]
[Result "1-0"]
[WhiteElo "2370"]
[BlackElo "2323"]
[PlyCount "79"]
[EventDate "2005.11.20"]
[SourceDate "2005.10.25"]

1. e4 c6 2. d4 d5 3. Nd2 dxe4 4. Nxe4 Nd7 5. Ng5 Ngf6 6. Bd3 e6 7. Qe2 Be7 8.
N1f3 h6 9. Ne4 Nxe4 10. Qxe4 c5 11. O-O Nf6 12. Bb5+ Kf8 13. Qe3 Bd7 14. Bxd7
Nxd7 15. b3 Qc7 16. Bb2 Bf6 17. Rad1 g6 18. Ba3 b6 19. dxc5 Nxc5 20. Nd2 Kg7
21. b4 Na4 22. Ne4 Nc3 23. Nxf6 Nxd1 24. Rxd1 Rhd8 25. Re1 Kxf6 26. Qf3+ Kg7
27. Bb2+ Kh7 28. Qf6 Rg8 29. c4 Rad8 30. h4 Rd7 31. Qc3 f5 32. Rxe6 Rd1+ 33.
Re1 Rxe1+ 34. Qxe1 Qd7 35. Qc3 Re8 36. g3 Qe7 37. Kh2 Rc8 38. c5 bxc5 39. bxc5
Rc7 40. Qh8# 1-0

[Event "4NCL/Div1/BAR1 vs. WGR1"]
[Site "Birmingham ENG"]
[Date "2005.11.20"]
[Round "4.1"]
[White "Parker, Jonathan"]
[Black "Lalic, Bogdan"]
[Result "1/2-1/2"]
[WhiteElo "2515"]
[BlackElo "2490"]
[PlyCount "26"]
[EventDate "2005.11.20"]
[SourceDate "2005.10.25"]

1. f4 d5 2. Nf3 g6 3. g3 Bg7 4. Bg2 c6 5. e3 Nh6 6. d3 Qb6 7. c3 Nd7 8. O-O e5
9. fxe5 Nxe5 10. Nxe5 Bxe5 11. Kh1 Bg7 12. Na3 O-O 13. Nc2 Bg4 1/2-1/2

[Event "4NCL/Div1/BAR1 vs. WGR1"]
[Site "Birmingham ENG"]
[Date "2005.11.20"]
[Round "4.2"]
[White "Emms, John M"]
[Black "Kelly, Brian"]
[Result "1-0"]
[WhiteElo "2502"]
[BlackElo "2496"]
[PlyCount "79"]
[EventDate "2005.11.20"]
[SourceDate "2005.10.25"]

1. e4 e6 2. d4 d5 3. Nd2 c5 4. exd5 Qxd5 5. Ngf3 cxd4 6. Bc4 Qd6 7. O-O Nf6 8.
Nb3 Nc6 9. Nbxd4 Nxd4 10. Nxd4 a6 11. Re1 Qc7 12. Qe2 Bc5 13. c3 O-O 14. Bg5
Nd5 15. Rad1 Be7 16. Bxe7 Nxe7 17. Bxe6 Bxe6 18. Nxe6 fxe6 19. Qxe6+ Rf7 20.
Rd7 Qf4 21. Rxe7 Qxf2+ 22. Kh1 Raf8 23. h3 h6 24. Rxf7 Rxf7 25. Rd1 Kh7 26.
Qe4+ Qf5 27. Qxf5+ Rxf5 28. Rd6 Rb5 29. b4 Re5 30. Rb6 Re1+ 31. Kh2 Rc1 32.
Rxb7 Rxc3 33. a4 Rb3 34. Rb6 Kg8 35. g4 Kf7 36. h4 g6 37. a5 h5 38. g5 Kg7 39.
Rb7+ Kf8 40. b5 1-0

[Event "4NCL/Div1/BAR1 vs. WGR1"]
[Site "Birmingham ENG"]
[Date "2005.11.20"]
[Round "4.3"]
[White "Palliser, Richard"]
[Black "Speelman, Jonathan S"]
[Result "0-1"]
[WhiteElo "2389"]
[BlackElo "2539"]
[PlyCount "42"]
[EventDate "2005.11.20"]
[SourceDate "2005.10.25"]

1. d4 Nf6 2. c4 e6 3. Nc3 d5 4. Bg5 Be7 5. Nf3 h6 6. Bh4 O-O 7. e3 b6 8. Rc1 a6
9. cxd5 exd5 10. Bd3 Bb7 11. Ne5 Nbd7 12. Qf3 Nxe5 13. dxe5 Ne4 14. Bg3 Ng5 15.
Qf4 d4 16. Ne4 Qd5 17. Rxc7 dxe3 18. Ke2 Ne6 19. Rxe7 Nxf4+ 20. Bxf4 Rfe8 21.
Rxe8+ Rxe8 0-1

[Event "4NCL/Div1/BAR1 vs. WGR1"]
[Site "Birmingham ENG"]
[Date "2005.11.20"]
[Round "4.4"]
[White "Gormally, Daniel W"]
[Black "Rogers, Jonathan W"]
[Result "1-0"]
[WhiteElo "2566"]
[BlackElo "2340"]
[PlyCount "51"]
[EventDate "2005.11.20"]
[SourceDate "2005.10.25"]

1. d4 f5 2. g3 Nf6 3. Bg2 e6 4. c4 Be7 5. Nc3 O-O 6. Nh3 d6 7. Nf4 e5 8. Nfd5
Nc6 9. dxe5 dxe5 10. O-O Be6 11. b3 h6 12. Bb2 Rf7 13. Nxf6+ Bxf6 14. Nd5 Be7
15. Qc2 Bf8 16. Rad1 Qe8 17. Kh1 a5 18. f4 e4 19. g4 Nb4 20. Qb1 Bxd5 21. cxd5
Qb5 22. gxf5 Qxe2 23. Bxe4 Bd6 24. a3 Na6 25. f6 g5 26. Bf3 1-0

[Event "4NCL/Div1/BAR1 vs. WGR1"]
[Site "Birmingham ENG"]
[Date "2005.11.20"]
[Round "4.5"]
[White "Collins, Sam"]
[Black "Baburin, Alexander"]
[Result "1/2-1/2"]
[WhiteElo "2408"]
[BlackElo "2511"]
[PlyCount "112"]
[EventDate "2005.11.20"]
[SourceDate "2005.10.25"]

1. e4 Nf6 2. e5 Nd5 3. d4 d6 4. c4 Nb6 5. f4 Bf5 6. Nc3 e6 7. Be3 dxe5 8. fxe5
Bb4 9. Qf3 Nc6 10. Qf4 Na4 11. a3 Nxc3 12. axb4 Nxb4 13. Rc1 Ne4 14. Nf3 c5 15.
Be2 g5 16. Nxg5 Nxg5 17. Qxg5 Nc2+ 18. Rxc2 Qxg5 19. Bxg5 Bxc2 20. Bf3 Rg8 21.
Bxb7 Rb8 22. Bc6+ Kf8 23. Bh6+ Ke7 24. d5 exd5 25. cxd5 Rxb2 26. Bc1 Rb1 27.
Kf2 c4 28. Ba3+ Kd8 29. Rxb1 Bxb1 30. Bb4 Be4 31. g3 Rg5 32. Ke3 Rxe5 33. Bd6
Bxd5+ 34. Bxe5 Bxc6 35. Kd4 Bb5 36. Kc5 a6 37. Kd6 Ke8 38. Bg7 f5 39. Ke6 Bd7+
40. Kd5 Kf7 41. Bc3 Bb5 42. Ke5 Kg6 43. h4 Ba4 44. Bd2 Bc2 45. Bc3 Bd3 46. Bd2
Kf7 47. Bb4 Ke8 48. Kd6 f4 49. gxf4 Kf7 50. Ke5 Kg6 51. Be1 Kh5 52. f5 c3 53.
Bxc3 Kxh4 54. f6 Bc4 55. Kd4 Bf7 56. Kc5 h5 1/2-1/2

[Event "4NCL/Div1/BAR1 vs. WGR1"]
[Site "Birmingham ENG"]
[Date "2005.11.20"]
[Round "4.6"]
[White "Ward, Christopher"]
[Black "Devereaux, Maxim"]
[Result "1/2-1/2"]
[WhiteElo "2475"]
[BlackElo "2344"]
[PlyCount "97"]
[EventDate "2005.11.20"]
[SourceDate "2005.10.25"]

1. d4 Nf6 2. c4 e6 3. Nf3 b6 4. Nc3 Bb4 5. Bg5 Bb7 6. Nd2 h6 7. Bh4 c5 8. a3
Bxc3 9. bxc3 d6 10. f3 Nc6 11. Bf2 O-O 12. e4 Nd7 13. Bd3 f5 14. exf5 exf5 15.
O-O Qf6 16. Nb3 Rae8 {(=)} 17. Qc2 Nd8 18. Rae1 g6 19. Qd2 Nf7 20. Re2 Bc8 21.
Rfe1 Qd8 22. Rxe8 Rxe8 23. Bh4 Rxe1+ 24. Qxe1 g5 25. Bf2 Nf6 26. Nd2 Bd7 27.
Qb1 Qc8 28. Nf1 f4 29. Nd2 Kg7 30. Bc2 Qa6 31. Qc1 Be6 32. Bd3 Qa4 33. h3 Qd7
34. Ne4 Bf5 35. Qc2 Nxe4 36. fxe4 Bg6 37. Qd1 Qe6 38. Qf3 Qe8 39. g3 fxg3 40.
Bxg3 Qe6 41. Kf2 h5 42. Ke3 Nh6 43. Kd2 h4 44. Bh2 Nf7 45. Qg2 Kh6 46. Qg4 Qf6
47. Ke3 Bh5 48. Qg2 Qe6 49. Qf1 1/2-1/2

[Event "4NCL/Div1/BAR1 vs. WGR1"]
[Site "Birmingham ENG"]
[Date "2005.11.20"]
[Round "4.7"]
[White "Knott, Simon"]
[Black "Turner, Matthew J"]
[Result "1/2-1/2"]
[WhiteElo "2378"]
[BlackElo "2495"]
[PlyCount "95"]
[EventDate "2005.11.20"]
[SourceDate "2005.10.25"]

1. Nf3 Nf6 2. c4 e6 3. Nc3 d5 4. d4 dxc4 5. e4 c5 6. Bxc4 cxd4 7. Qxd4 Qxd4 8.
Nxd4 a6 9. f3 Bc5 10. Be3 Nc6 11. Rd1 Bd7 12. Kf2 Rc8 13. Nxc6 Bxe3+ 14. Kxe3
Bxc6 15. Bb3 Ke7 16. Rd2 Rhd8 17. Rhd1 Rxd2 18. Rxd2 Nd7 19. Ne2 Nb6 20. Nd4
Ba4 21. Ke2 Rc1 22. Rc2 Rxc2+ 23. Bxc2 Bxc2 24. Nxc2 Na4 25. b4 Nc3+ 26. Kd3
Nxa2 27. e5 Kd7 28. Kc4 b5+ 29. Kd4 Kc6 30. f4 Nc1 31. g3 a5 32. bxa5 Nb3+ 33.
Ke4 Nxa5 34. f5 Kc5 35. fxe6 fxe6 36. Nd4 Kc4 37. Nxe6 Nb3 38. Nxg7 Nc5+ 39.
Ke3 Kd5 40. e6 Nxe6 41. Nxe6 Kxe6 42. Kd4 Kf5 43. Kc5 Kg4 44. Kxb5 Kh3 45. Kc4
h5 46. Kd3 Kxh2 47. Ke2 Kg2 48. Ke1 1/2-1/2

[Event "4NCL/Div1/BAR1 vs. WGR1"]
[Site "Birmingham ENG"]
[Date "2005.11.20"]
[Round "4.8"]
[White "Arakhamia-Grant, Ketevan"]
[Black "Bhatia, Kanwal K"]
[Result "1-0"]
[WhiteElo "2426"]
[BlackElo "2091"]
[PlyCount "105"]
[EventDate "2005.11.20"]
[SourceDate "2005.10.25"]

1. e4 e5 2. Nf3 Nc6 3. Bb5 a6 4. Ba4 Nf6 5. d3 b5 6. Bb3 Bc5 7. c3 d6 8. h3 O-O
9. O-O Bb6 10. Be3 Ne7 11. Nbd2 Ng6 12. a4 Rb8 13. d4 Qe7 14. a5 exd4 15. cxd4
Ba7 16. e5 Ne8 17. Bg5 Qd7 18. Re1 d5 19. Nf1 c6 20. Ng3 Nc7 21. Bc2 Ne6 22.
Nf5 c5 23. h4 cxd4 24. h5 Ngf4 25. h6 Nxg5 26. hxg7 Re8 27. Nxg5 d3 28. Bxd3
Nxd3 29. Nh6+ Kxg7 30. Qxd3 Kxh6 31. Qxh7+ Kxg5 32. Qg7+ Kh5 33. Qh7+ Kg5 34.
Qg7+ Kh5 35. Ra3 Bxf2+ 36. Kxf2 Qf5+ 37. Rf3 Qc2+ 38. Re2 Qg6 39. Rxf7 Qxg7 40.
Rxg7 Kh6 41. Rg3 Kh7 42. Re1 Re6 43. Rh1+ Rh6 44. Rxh6+ Kxh6 45. Rg8 Ra8 46.
Rd8 Bb7 47. Rd7 Rb8 48. e6 Bc6 49. Rd6 Rc8 50. e7+ Kg7 51. Rxc6 Ra8 52. Rxa6
Re8 53. Re6 1-0

[Event "4NCL/Div1/GUI2 vs. HKF1"]
[Site "Birmingham ENG"]
[Date "2005.11.20"]
[Round "4.1"]
[White "Howell, David W L"]
[Black "Wells, Peter K"]
[Result "0-1"]
[WhiteElo "2475"]
[BlackElo "2513"]
[PlyCount "102"]
[EventDate "2005.11.20"]
[SourceDate "2005.10.25"]

1. e4 c5 2. c3 Nf6 3. e5 Nd5 4. Nf3 Nc6 5. d4 cxd4 6. Bc4 Nb6 7. Bb3 d5 8. exd6
Qxd6 9. O-O Be6 10. Na3 dxc3 11. Qe2 Bxb3 12. Nb5 Qb8 13. axb3 e5 14. Nbd4 f6
15. bxc3 Be7 16. Nf5 O-O 17. N3h4 Rf7 18. Qg4 Kh8 19. Qh5 Kg8 20. Qg4 Kh8 21.
Qh5 Kg8 22. Rd1 Bf8 23. Rd3 Qe8 24. Qg4 Rd7 25. Rxd7 Qxd7 26. Be3 Rd8 27. Rf1
Kh8 28. Qh3 Qf7 29. c4 g6 30. Nh6 Bxh6 31. Bxh6 Nd4 32. Nf3 Qd7 33. Nxd4 Qxh3
34. gxh3 Rxd4 35. Be3 Rd3 36. Ra1 Rxb3 37. Bxb6 axb6 38. Ra8+ Kg7 39. Rb8 Rc3
40. Rxb7+ Kh6 41. Rxb6 f5 42. Rc6 Kg5 43. Kg2 e4 44. Rc7 h5 45. Rc6 f4 46. Kf1
Rc1+ 47. Ke2 f3+ 48. Kd2 Rf1 49. Ke3 Re1+ 50. Kd4 e3 51. h4+ Kxh4 0-1

[Event "4NCL/Div1/GUI2 vs. HKF1"]
[Site "Birmingham ENG"]
[Date "2005.11.20"]
[Round "4.3"]
[White "Shaw, John K"]
[Black "Williams, Simon K"]
[Result "1-0"]
[WhiteElo "2432"]
[BlackElo "2452"]
[PlyCount "75"]
[EventDate "2005.11.20"]
[SourceDate "2005.10.25"]

1. e4 g6 2. d4 Bg7 3. Nc3 d6 4. g3 Nf6 5. Bg2 Bd7 6. e5 Ng8 7. Nf3 Nc6 8. Bf4
Bg4 9. h3 Bxf3 10. Bxf3 Rb8 11. b3 Qd7 12. O-O dxe5 13. dxe5 Nxe5 14. Bg2 Nc6
15. Qxd7+ Kxd7 16. Rad1+ Kc8 17. Na4 e5 18. Bxc6 bxc6 19. Rfe1 f6 20. Be3 Ra8
21. f4 Ne7 22. fxe5 fxe5 23. Nc5 Nf5 24. Bf2 h5 25. Rd7 Bf8 26. Rf7 Bxc5 27.
Bxc5 Kb7 28. Rxe5 Rad8 29. Bf2 Rd1+ 30. Kg2 Rd2 31. g4 hxg4 32. hxg4 Nh6 33.
Rf4 Rf8 34. Rxf8 Nxg4 35. Ra5 c5 36. Rb5+ Kc6 37. Rxc5+ Kd6 38. Rd8+ 1-0

[Event "4NCL/Div1/GUI2 vs. HKF1"]
[Site "Birmingham ENG"]
[Date "2005.11.20"]
[Round "4.4"]
[White "Arkell, Keith C"]
[Black "Flear, Glenn C"]
[Result "1-0"]
[WhiteElo "2475"]
[BlackElo "2474"]
[PlyCount "81"]
[EventDate "2005.11.20"]
[SourceDate "2005.10.25"]

1. d4 d5 2. c4 c6 3. Nf3 Nf6 4. Nc3 e6 5. e3 Nbd7 6. Bd3 dxc4 7. Bxc4 b5 8. Bd3
Bb7 9. O-O a6 10. a4 b4 11. Ne4 c5 12. Nxf6+ Nxf6 13. a5 cxd4 14. Qa4+ Nd7 15.
Nxd4 Bd6 16. Be2 O-O 17. Rd1 Nc5 18. Qxb4 Rb8 19. Qe1 Qc7 20. h3 Bd5 21. Qc3
Qb7 22. Bf3 Rfd8 23. Bxd5 Qxd5 24. b4 Ne4 25. Qc6 Bxb4 26. Bb2 Bf8 27. Qc2 {(=)
} Rdc8 28. Qe2 Qb7 29. Ra2 Nc3 30. Bxc3 Rxc3 31. Rc2 Rxc2 32. Qxc2 Rc8 33. Rb1
Qa8 34. Qb3 Qe4 35. Rd1 Rc5 36. Qb6 Rg5 37. g3 h5 38. Qc6 Rd5 39. Rc1 e5 40.
Qe8 Rxa5 41. Nc6 1-0

[Event "4NCL/Div1/GUI2 vs. HKF1"]
[Site "Birmingham ENG"]
[Date "2005.11.20"]
[Round "4.5"]
[White "Wallace, John P"]
[Black "Trent, Lawrence"]
[Result "1/2-1/2"]
[WhiteElo "2392"]
[BlackElo "2423"]
[PlyCount "85"]
[EventDate "2005.11.20"]
[SourceDate "2005.10.25"]

1. d4 Nf6 2. c4 g6 3. Nc3 Bg7 4. e4 d6 5. f3 O-O 6. Bg5 c5 7. d5 e6 8. Qd2 exd5
9. cxd5 a6 10. a4 h6 11. Be3 Re8 12. Nge2 Nbd7 13. Ng3 h5 14. Be2 Nh7 15. O-O
h4 16. Nh1 Ne5 17. Nf2 f5 18. Kh1 b6 19. f4 Nf7 20. exf5 gxf5 21. Rae1 Nf6 22.
Nh3 Ng4 23. Bg1 Bd7 24. Ng5 Nxg5 25. fxg5 Bxc3 26. bxc3 Re4 27. Bd1 Rxe1 28.
Rxe1 Ne5 29. h3 b5 30. axb5 axb5 31. Bh2 Nc4 32. Qf4 Qf8 33. Qxh4 Re8 34. Bb3
Ne3 35. Ra1 c4 36. Ra7 Qg7 37. Ba2 Nxd5 38. Bxc4 bxc4 39. Qxc4 Re1+ 40. Bg1 Rd1
41. Qb3 Rxg1+ 42. Kxg1 Qe5 43. Rxd7 1/2-1/2

[Event "4NCL/Div1/GUI2 vs. HKF1"]
[Site "Birmingham ENG"]
[Date "2005.11.20"]
[Round "4.6"]
[White "Berzinsh, Roland"]
[Black "Buckley, Graeme"]
[Result "1-0"]
[WhiteElo "2447"]
[BlackElo "2391"]
[PlyCount "81"]
[EventDate "2005.11.20"]
[SourceDate "2005.10.25"]

1. e4 d5 2. exd5 Nf6 3. d4 Bg4 4. f3 Bf5 5. Bb5+ Nbd7 6. c4 e6 7. dxe6 Bxe6 8.
d5 Bf5 9. Nc3 Bb4 10. Nge2 O-O 11. Bxd7 Nxd7 12. O-O Re8 13. Ng3 Bg6 14. Nce4
a5 15. Kh1 f5 16. Ng5 Nf8 17. Nh3 Qf6 18. Qb3 Nd7 19. Bg5 Qf7 20. Bf4 Nc5 21.
Qc2 a4 22. Rad1 a3 23. b3 h6 24. Qf2 Qe7 25. d6 cxd6 26. Bxd6 Qe3 27. Qxe3 Rxe3
28. Nf4 Bf7 29. Nxf5 Rc3 30. Nd5 Bxd5 31. Ne7+ Kf7 32. Nxd5 Nxb3 33. Bxb4 Rxc4
34. axb3 Rc2 35. Bc3 Re8 36. Ba1 Ree2 37. Nb4 Rc7 38. Rfe1 Rce7 39. Bc3 a2 40.
Rxe2 Rxe2 41. Ra1 1-0

[Event "4NCL/Div1/GUI2 vs. HKF1"]
[Site "Birmingham ENG"]
[Date "2005.11.20"]
[Round "4.7"]
[White "Povah, Nigel E"]
[Black "Houska, Jovanka"]
[Result "1-0"]
[WhiteElo "2353"]
[BlackElo "2351"]
[PlyCount "93"]
[EventDate "2005.11.20"]
[SourceDate "2005.10.25"]

1. d4 d5 2. Bg5 c6 3. e3 h6 4. Bh4 Qb6 5. Qc1 e5 6. Nf3 exd4 7. exd4 Be7 8. Bg3
Bf5 9. c4 Nd7 10. Nc3 Ngf6 11. Be2 dxc4 12. Bxc4 O-O 13. O-O Qd8 14. Re1 Nb6
15. Bb3 Rc8 16. Qe3 Re8 17. Qf4 Bh7 18. Ne5 Nbd5 19. Qf3 Rf8 20. Bh4 Nb4 21.
Rac1 Qxd4 22. Bxf6 Bxf6 23. Rcd1 Qh4 24. Nd7 Rfe8 25. g3 Qg5 26. Nxf6+ gxf6 27.
Rxe8+ Rxe8 28. Rd7 Bg6 29. Rxb7 a5 30. Kg2 a4 31. Rxb4 axb3 32. Rxb3 Re1 33.
Qxc6 Bf5 34. Rb8+ Kh7 35. Qa8 Qg7 36. Re8 Rc1 37. a4 Bd3 38. h3 f5 39. Qf3 Bf1+
40. Kh2 Qg6 41. Re5 Bc4 42. Rxf5 Qe6 43. Ne4 Kg7 44. Qg4+ Kf8 45. Qf4 Re1 46.
Nf6 Ke7 47. Qc7+ 1-0

[Event "4NCL/Div1/GUI2 vs. HKF1"]
[Site "Birmingham ENG"]
[Date "2005.11.20"]
[Round "4.8"]
[White "Crouch, Colin"]
[Black "Lalic, Susan"]
[Result "1/2-1/2"]
[WhiteElo "2365"]
[BlackElo "2356"]
[PlyCount "190"]
[EventDate "2005.11.20"]
[SourceDate "2005.10.25"]

1. d4 d5 2. c4 e6 3. Nf3 c5 4. cxd5 exd5 5. Bg5 Be7 6. Bxe7 Nxe7 7. dxc5 Na6 8.
Nc3 Nxc5 9. e4 Nxe4 10. Nxe4 dxe4 11. Qxd8+ Kxd8 12. Ng5 Be6 13. Nxe6+ fxe6 14.
Bc4 e5 15. O-O Kc7 16. Rfe1 Rad8 17. Rxe4 Rd4 18. Rxd4 exd4 19. Bd3 Kd6 20. Be4
Rc8 21. Rd1 Ke5 22. Re1 Kd6 23. g3 h6 24. Kf1 Rc5 25. Rd1 Ke5 26. Bd3 g5 27. h3
Kd6 28. Ke2 Nc6 29. Be4 Ke5 30. f3 Ra5 31. a3 Rb5 32. b4 a5 33. Bd3 Rd5 34. b5
Na7 35. a4 Rc5 36. Kd2 Kd6 37. Re1 Re5 38. Be4 Nc8 39. Kd3 Nb6 40. Kxd4 Nxa4
41. Rd1 Nc5 42. Kc4+ Kc7 43. b6+ Kxb6 44. Kd4 Nd7 45. Rb1+ Rb5 {(=)} 46. Rxb5+
Kxb5 47. Bxb7 a4 48. Bd5 Nf6 49. Bf7 a3 50. g4 Nd7 51. Ba2 Nf8 52. f4 gxf4 53.
h4 f3 54. Ke3 Ng6 55. Kxf3 Nxh4+ 56. Ke4 Kb4 57. Kd3 Nf3 58. Kc2 Nd4+ 59. Kb1
Nb3 60. Kc2 Na5 61. Kd3 Nc6 62. Be6 Ne5+ 63. Kc2 Nc4 64. Kb1 Ne5 65. Ka2 Nf3
66. Bg8 Nd4 67. Bf7 Ne2 68. Kb1 Nc3+ 69. Kc2 Ne2 70. Kb1 Nd4 71. Ka2 Nc2 72.
Bg8 Ne3 73. Be6 Nd1 74. Kb1 Nc3+ 75. Kc2 Nb5 76. Kb1 Nd4 77. Bg8 Nc6 78. Ka2
Ne5 79. Be6 Nd3 80. Kb1 Ka4 81. Bd7+ Kb3 82. Be6+ Kc3 83. Ka2 Kb4 84. Kb1 Nf2
85. Ka2 Kc3 86. Kxa3 Kd4 87. Kb3 Ke5 88. Bc8 Kf4 89. Kc2 Nxg4 90. Kd2 h5 91.
Ke2 Kg3 92. Kf1 Nh2+ 93. Kg1 Nf3+ 94. Kh1 h4 95. Bd7 Ne5 1/2-1/2

[Event "4NCL/Div1/WGR2 vs. 3CS1"]
[Site "Birmingham ENG"]
[Date "2005.11.20"]
[Round "4.1"]
[White "Pert, Richard G"]
[Black "Davies, Nigel R"]
[Result "1/2-1/2"]
[WhiteElo "2429"]
[BlackElo "2521"]
[PlyCount "25"]
[EventDate "2005.11.20"]
[SourceDate "2005.10.25"]

1. d4 d6 2. e4 g6 3. c4 Bg7 4. Nc3 a6 5. h3 Nf6 6. Nf3 O-O 7. Be3 c6 8. Bd3 b5
9. O-O Nbd7 10. e5 Ne8 11. exd6 exd6 12. Rc1 Nc7 13. Bg5 1/2-1/2

[Event "4NCL/Div1/WGR2 vs. 3CS1"]
[Site "Birmingham ENG"]
[Date "2005.11.20"]
[Round "4.2"]
[White "Gordon, Stephen J"]
[Black "Martin, Andrew D"]
[Result "1-0"]
[WhiteElo "2411"]
[BlackElo "2433"]
[PlyCount "41"]
[EventDate "2005.11.20"]
[SourceDate "2005.10.25"]

1. d4 g6 2. Nf3 Bg7 3. c4 d6 4. Nc3 Bg4 5. h3 Bxf3 6. exf3 Nd7 7. Be3 e5 8.
dxe5 dxe5 9. Qb3 Qc8 10. O-O-O Ne7 {(=)} 11. Qa3 Nf5 12. Ne4 Nxe3 13. fxe3 Nf6
14. Qa4+ Kf8 15. c5 Nxe4 16. Qxe4 Bf6 17. g4 Kg7 18. h4 Rd8 19. Rxd8 Bxd8 20.
Bc4 Qd7 21. Qxb7 1-0

[Event "4NCL/Div1/WGR2 vs. 3CS1"]
[Site "Birmingham ENG"]
[Date "2005.11.20"]
[Round "4.3"]
[White "Levitt, Jonathan P"]
[Black "Haslinger, Stewart"]
[Result "1/2-1/2"]
[WhiteElo "2448"]
[BlackElo "2426"]
[PlyCount "156"]
[EventDate "2005.11.20"]
[SourceDate "2005.10.25"]

1. d4 d5 2. c4 c6 3. cxd5 cxd5 4. Bf4 Nc6 5. e3 Nf6 6. Nc3 a6 7. Bd3 Bg4 8.
Nge2 e6 9. O-O Be7 10. a3 O-O 11. Na4 Nd7 12. b4 Re8 13. Qb1 Bxe2 14. Bxe2 b5
15. Nc5 e5 16. dxe5 Bxc5 17. bxc5 Ncxe5 18. Rc1 Nc4 {(=)} 19. a4 Nxc5 20. axb5
axb5 21. Qxb5 Ne6 22. Bg3 Nd4 23. exd4 {(=)} Rxe2 24. Rxa8 Qxa8 25. Qb8+ Qxb8
26. Bxb8 Rd2 27. Ba7 h6 28. h3 Nd6 29. Rb1 Ne4 30. Rb8+ Kh7 31. Rd8 Nc3 32. g3
Nb5 33. Rd7 Kg6 34. Kg2 Nc3 35. Rd6+ f6 36. h4 Rxf2+ 37. Kxf2 Ne4+ 38. Kf3 Nxd6
39. Bc5 Nb5 40. g4 h5 41. Kf4 hxg4 42. Kxg4 Nc3 43. Bb4 Ne2 44. h5+ Kf7 45. Bc5
Nc3 46. Kf5 Ne4 47. Bb4 Ng3+ 48. Kg4 Ne2 49. Bc5 Kg8 50. Kf5 Kh7 51. Kg4 Kh6
52. Bb6 Nc3 53. Bc7 Nb5 54. Bf4+ g5 55. hxg6+ Kxg6 56. Be3 Nc7 57. Bf2 Ne6 58.
Be3 f5+ 59. Kf3 Kf6 60. Kg3 Kg6 61. Kf3 Ng7 62. Bf4 Kf7 63. Be3 Nh5 64. Bd2 Ke6
65. Be3 Kd7 66. Bd2 Kc6 67. Bb4 Kd7 68. Ba5 Kd6 69. Bb4+ Kc6 70. Ba3 Kb5 71.
Bd6 Ng7 72. Kf4 Kc4 73. Be5 Ne6+ 74. Kxf5 Nxd4+ 75. Kf4 Nc6 76. Bh8 Ne7 77. Ke3
Nf5+ 78. Kd2 d4 1/2-1/2